| 000 | 00899cam a22002655a 4500 | ||
|---|---|---|---|
| 001 | 16155491 | ||
| 005 | 20161013131545.0 | ||
| 008 | 100326s2010 enka frbd 001 0 eng d | ||
| 020 | _a9780470749371 | ||
| 020 | _a0470749377 | ||
| 040 |
_aDLC _cDLC _dBTCTA _dYDXCP _dC#P _dCDX _dDLC _dEG-ScBUE _beng |
||
| 082 | 0 | 4 |
_a332.6457 _222 _bCHI |
| 100 | 1 |
_aChisholm, Andrew, _d1959- _941545 |
|
| 245 | 1 | 0 |
_aDerivatives demystified : _ba step-by-step guide to forwards, futures, swaps and options / _cAndrew M. Chisholm. |
| 250 | _a2nd ed. | ||
| 260 |
_aChichester : _bJohn Wiley & Sons, _c2010. |
||
| 300 |
_axvii, 268 p. : _bill. ; _c25 cm. |
||
| 490 | 0 | _aWiley finance. | |
| 500 | _aGlossary : p. 239-254. | ||
| 500 | _aIndex : p. [255]-268. | ||
| 504 | _aIncludes bibliographical references and index. | ||
| 650 | 7 |
_aDerivative securities. _2BUEsh _93234 |
|
| 653 |
_bBUSADM _cOctober2016 |
||
| 942 | _2ddc | ||
| 999 |
_c22568 _d22540 |
||